Sala de espera / (Record no. 179746)

MARC details
000 -LEADER
campo de control de longitud fija 01018nam a2200277 i 4500
001 - NÚMERO DE CONTROL
campo de control 179746
003 - IDENTIFICADOR DE NÚMERO DE CONTROL
campo de control ES-MaACL
005 - FECHA Y HORA DE LA ÚLTIMA TRANSACCIÓN
campo de control 20230925161832.0
008 - DATOS DE LONGITUD FIJA--INFORMACIÓN GENERAL
campo de control de longitud fija 120117s2000 sp |||| | spa d
020 ## - NÚMERO INTERNACIONAL ESTÁNDAR DEL LIBRO
Número Internacional Estándar del Libro 84-95418-08-8
080 ## - NÚMERO DE LA CLASIFICACIÓN DECIMAL UNIVERSAL
Número de la Clasificación Decimal Universal 821.134.2-82"19"
100 1# - ENTRADA PRINCIPAL--NOMBRE DE PERSONA
Nombre de persona Aub, Max,
Fechas asociadas al nombre 1903-1972
9 (RLIN) 23783
245 10 - MENCIÓN DEL TÍTULO
Título Sala de espera /
Mención de responsabilidad, etc. [Max Aub ; prólogo de Manuel Aznar Soler].
250 ## - MENCION DE EDICION
Mención de edición Ed. facs.
260 ## - PUBLICACIÓN, DISTRIBUCIÓN, ETC.
Lugar de publicación, distribución, etc. Segorbe (Castellón) :
Nombre del editor, distribuidor, etc. Fundación Max Aub,
Fecha de publicación, distribución, etc. 2000.
300 ## - DESCRIPCIÓN FÍSICA
Extensión 2 v. ;
Dimensiones 24 cm.
500 ## - NOTA GENERAL
Nota general Acceso a n. extraordinario de 19 de agosto de 1961.
505 8# - NOTA DE CONTENIDO CON FORMATO
Nota de contenido con formato Contiene: 1. N. 1-10 (jun. 1948- marzo 1949) - 2. N. 11-20 (jun. 1949- marzo 1950)
534 ## - NOTA SOBRE LA VERSIÓN ORIGINAL
Encabezamiento principal del original Reprod. de la ed. de: México : Gráf. Guanajuato, 1949-1951.
700 1# - ENTRADA AGREGADA--NOMBRE PERSONAL
Nombre de persona Aznar Soler, Manuel.
9 (RLIN) 24318
710 2# - ENTRADA AGREGADA--NOMBRE DE ENTIDAD CORPORATIVA
Nombre de entidad corporativa o nombre de jurisdicción como elemento de entrada Fundación Max Aub.
9 (RLIN) 4367
852 4# - LOCALIZACIÓN
Ubicación ES-MaACL
Número de control de estantería A-11829
itemnumber 186646
Ubicación en estantería Depósito 1
Signatura antigua Olim: N-4834
852 4# - LOCALIZACIÓN
Ubicación ES-MaACL
Número de control de estantería A-11830
itemnumber 200539
Ubicación en estantería Depósito 1
Signatura antigua Olim: N-4835
Sublocalización o colección 146705
942 ## - ELEMENTOS DE ENTRADA SECUNDARIOS (KOHA)
Fuente del sistema de clasificación o colocación Clasificación decimal universal
Tipo de ítem Koha Libro impreso
Holdings
Estatus retirado Estado de pérdida Fuente del sistema de clasificación o colocación Estado de daño No para préstamo Biblioteca de origen Biblioteca actual Ubicación en estantería Fecha de adquisición Fuente de adquisición Enumeración/cronología de publicación seriada Total de préstamos Signatura topográfica completa Código de barras Visto por última vez Precio de reemplazo Tipo de ítem Koha
    Clasificación decimal universal     Biblioteca del Ateneo de Madrid Biblioteca del Ateneo de Madrid Depósito 1 17/01/2012 Compra v.1   A-11829 1188831 23/02/2023 23/02/2023 Libro impreso
    Clasificación decimal universal     Biblioteca del Ateneo de Madrid Biblioteca del Ateneo de Madrid Depósito 1 17/01/2012 Compra v.2   A-11830 101205834 25/09/2023 23/02/2023 Libro impreso